PRACTICE OF SOCIAL RESEARCH (Record no. 28157)
[ view plain ]
| 000 -LEADER | |
|---|---|
| fixed length control field | 00368nam a2200145Ia 4500 |
| 008 - FIXED-LENGTH DATA ELEMENTS--GENERAL INFORMATION | |
| fixed length control field | 240624s9999 xx 000 0 und d |
| 041 ## - LANGUAGE CODE | |
| Language code of text/sound track or separate title | eng |
| 082 ## - DEWEY DECIMAL CLASSIFICATION NUMBER | |
| Classification number | 300.72 BAB |
| 100 ## - MAIN ENTRY--PERSONAL NAME | |
| Personal name | BABBIE EARL |
| 245 ## - TITLE STATEMENT | |
| Title | PRACTICE OF SOCIAL RESEARCH |
| 250 ## - EDITION STATEMENT | |
| Edition statement | (13th ed.) |
| 260 ## - PUBLICATION, DISTRIBUTION, ETC. | |
| Date of publication, distribution, etc. | 2014 |
| Place of publication, distribution, etc. | New Delhi |
| Name of publisher, distributor, etc. | Rawat Publishing |
| 300 ## - PHYSICAL DESCRIPTION | |
| Extent | xxiii, : 584 : p. : cm. ; 26 |
| 365 ## - TRADE PRICE | |
| Currency code | RS |
| Withdrawn status | Lost status | Damaged status | Not for loan | Home library | Current library | Shelving location | Date acquired | Source of acquisition | Cost, normal purchase price | Total Holds | Full call number | Barcode | Date last seen | Copy number | Price effective from | Koha item type |
|---|---|---|---|---|---|---|---|---|---|---|---|---|---|---|---|---|
| IMTN | IMTN | Rack 5-A | 12/15/2016 | UBS | 833.00 | 32767 | 300.72 BAB | 28157 | 06/24/2024 | 1 | 06/24/2024 | Books |